000 00490nam a2200193Ia 4500
001 20657
008 140408s9999 xx 000 0 und d
040 _cPK-LaUMT
082 _a 657.044
_bKIE-I
100 _aDonald E. Kieso
245 _aIntermediate accounting
_cDonald E. Kieso<>Jerry J. Weygandt
250 _a8th
260 _aNew York,USA:
_bJohn Wiley & Sons,
_c1995
300 _a1412 p.
546 _aEN
650 _aAccounting
700 _aJerry J. Weygandt
942 _cBK
999 _c20995
_d20995